British Birds by Picture - Wagtails - Statistics

General Stats
  • This quiz has been taken 8 times
  • The average score is 4 of 5
Answer Stats
Picture Hint Answer % Correct
Motacilla cinerea Grey Wagtail
100%
Motacilla alba Pied Wagtail
100%
Motacilla flava Western Yellow Wagtail
100%
Motacilla citreola Citrine Wagtail
75%
Motacilla tschutschensis Eastern Yellow Wagtail
50%
No matching quizzes found
Score Distribution
Percent of People with Each Score
Percentile by Number Answered
Your Score History
You have not taken this quiz